[Event "45th Olympiad 2024"]
[Site "Budapest HUN"]
[Date "2024.09.18"]
[Round "7.56"]
[White "Schnell, Sebastian Narayana"]
[Black "Abdul Khaliq, Wais"]
[Result "1-0"]
[WhiteElo "2059"]
[BlackElo "1968"]
[TimeControl "40/5400+30:1800_30\""]
[EventDate "2024.09.11"]
[Board "4"]
[WhiteFideId "6605290"]
[BlackFideId "11700467"]
[WhiteTeam "Panama"]
[BlackTeam "Afghanistan"]

1. d4 e6 2. Nf3 b5 3. g3 Bb7 4. Bg2 c5 5. c3 Nf6 6. O-O Qb6 7. Nbd2 cxd4 8.
cxd4 Nc6 9. Nb3 Be7 10. Re1 Ne4 11. Nfd2 Nxd2 12. Bxd2 h5 13. e4 Nxd4 14.
Be3 e5 15. Nxd4 exd4 16. Bxd4 Qg6 17. Qd3 Bc6 18. h4 d5 19. Rad1 dxe4 20.
Bxe4 Bxe4 21. Qxe4 Qxe4 22. Rxe4 Rd8 23. Rde1 O-O 24. Bxg7 Kxg7 25. Rxe7 a6
26. R1e6 a5 27. Ra6 Rd2 28. Rxa5 Rxb2 29. Re5 b4 30. Rg5+ Kf6 31. Ra6+ Ke7
32. Re5+ Kd7 33. Rxh5 Rc8 34. Rb5 Rcc2 35. Rb7+ Kc8 36. Rxf7 Rxa2 37. Rg6
Rc7 38. Rf8+ Kb7 39. Rf4 Rb2 40. h5 b3 41. Rb4+ Kc8 42. Rg8+ Kd7 43. Rg7+
Kd6 44. Rxc7 1-0

[Event "45th Olympiad 2024"]
[Site "Budapest HUN"]
[Date "2024.09.18"]
[Round "7.57"]
[White "Duran Vega, Sergio"]
[Black "Paiva, Donaldo"]
[Result "1-0"]
[WhiteElo "2308"]
[BlackElo "2139"]
[TimeControl "40/5400+30:1800_30\""]
[EventDate "2024.09.11"]
[Board "1"]
[WhiteFideId "6501311"]
[BlackFideId "14800098"]
[WhiteTeam "Costa Rica"]
[BlackTeam "Mozambique"]

1. d4 Nf6 2. c4 e6 3. g3 d5 4. Bg2 dxc4 5. Nf3 c5 6. O-O Nc6 7. Qa4 Bd7 8.
Qxc4 b5 9. Qd3 c4 10. Qc2 Rc8 11. e4 Be7 12. Rd1 O-O 13. Qe2 Re8 14. Bf4
Qb6 15. Nc3 b4 16. Na4 Nxd4 17. Nxd4 Bxa4 18. b3 Bc5 19. Be3 e5 20. Nf5
cxb3 21. axb3 Bxe3 22. Rxa4 Bd4 23. Ra6 Rc2 24. Qxc2 Qxa6 25. Nxd4 exd4 26.
Rxd4 Qb6 27. Qd2 a5 28. h3 h5 29. Kh1 Qe6 30. Qe3 g6 31. Qg5 Qb6 32. Qd2
Qe6 33. Rc4 Nd7 34. Qe3 Rb8 35. Qa7 Rb5 36. Qc7 Qe7 37. Rd4 Rc5 38. Qxd7
Rc1+ 39. Kh2 Qc5 40. Qe8+ Kg7 41. Rd8 1-0

[Event "45th Olympiad 2024"]
[Site "Budapest HUN"]
[Date "2024.09.18"]
[Round "7.57"]
[White "Andrade, Ivan"]
[Black "Valdes Romero, Leonardo"]
[Result "1-0"]
[WhiteElo "2132"]
[BlackElo "2347"]
[TimeControl "40/5400+30:1800_30\""]
[EventDate "2024.09.11"]
[Board "2"]
[WhiteFideId "14800039"]
[BlackFideId "6500331"]
[WhiteTeam "Mozambique"]
[BlackTeam "Costa Rica"]

1. e4 d6 2. d4 Nf6 3. f3 g6 4. c4 Bg7 5. Nc3 O-O 6. Be3 b6 7. Qd2 c5 8.
Nge2 Ba6 9. Nb5 Bxb5 10. cxb5 a6 11. Nc3 Nfd7 12. Be2 axb5 13. Nxb5 Nc6 14.
d5 Na7 15. g4 Nxb5 16. Bxb5 Ne5 17. O-O e6 18. h3 exd5 19. Qxd5 g5 20. a4
Qe7 21. Rad1 Rfd8 22. b3 h6 23. f4 gxf4 24. Bxf4 Qe6 25. Bg3 Ra7 26. Bh4
Rf8 27. Kg2 Qg6 28. Rf5 Qe6 29. Qxe6 fxe6 30. Rxf8+ Bxf8 31. Bd8 Rb7 32.
Ba6 Rb8 33. Bc7 Ra8 34. Bb5 Rc8 35. Bxb6 c4 36. bxc4 Nxc4 37. Bd7 Rb8 38.
Bxe6+ Kh7 39. Bd4 Ne5 40. a5 Rb4 41. a6 Nc6 42. Bc3 Ra4 43. Rf1 Bg7 44. Rf7
Ne5 45. Bxe5 dxe5 46. a7 Kg6 47. Bd5 1-0

[Event "45th Olympiad 2024"]
[Site "Budapest HUN"]
[Date "2024.09.18"]
[Round "7.57"]
[White "Jimenez Garcia, Emmanuel"]
[Black "Jamal, Hamid Harmon Gulamo"]
[Result "1-0"]
[WhiteElo "2352"]
[BlackElo "1960"]
[TimeControl "40/5400+30:1800_30\""]
[EventDate "2024.09.11"]
[Board "3"]
[WhiteFideId "6504779"]
[BlackFideId "14801221"]
[WhiteTeam "Costa Rica"]
[BlackTeam "Mozambique"]

1. d4 Nf6 2. c4 g6 3. f3 c5 4. d5 Bg7 5. e4 d6 6. Ne2 e6 7. Nec3 O-O 8. Be2
a6 9. a4 exd5 10. cxd5 Re8 11. O-O Nbd7 12. Na3 Ne5 13. f4 Ned7 14. Qc2 Rb8
15. Nc4 Nb6 16. Ne3 Nxe4 17. Nxe4 Bf5 18. Nxf5 gxf5 19. Ng3 Bd4+ 20. Kh1
Nxd5 21. Qxf5 Nf6 22. Bd3 d5 23. Nh5 Ne4 24. Bxe4 dxe4 25. Ra3 Re6 26. Rg3+
Kh8 27. Qxf7 Qe7 28. Qxe7 Rxe7 29. Be3 b5 30. axb5 Rxb5 31. b3 Reb7 32.
Bxd4+ cxd4 33. Nf6 Rb8 34. Nxe4 Rxb3 35. Rxb3 Rxb3 36. f5 Re3 37. f6 Kg8
38. f7+ 1-0

[Event "45th Olympiad 2024"]
[Site "Budapest HUN"]
[Date "2024.09.18"]
[Round "7.57"]
[White "Joao, Farisse"]
[Black "Cabezas Solano, David Alejandro"]
[Result "1/2-1/2"]
[WhiteElo "1851"]
[BlackElo "2248"]
[TimeControl "40/5400+30:1800_30\""]
[EventDate "2024.09.11"]
[Board "4"]
[WhiteFideId "14800730"]
[BlackFideId "6507522"]
[WhiteTeam "Mozambique"]
[BlackTeam "Costa Rica"]

1. c4 e6 2. d4 Nf6 3. Nf3 d5 4. Nc3 dxc4 5. e3 a6 6. Bxc4 b5 7. Bd3 Bb7 8.
O-O c5 9. dxc5 Bxc5 10. a3 O-O 11. b4 Bb6 12. Bb2 Qe7 13. Qe2 Nbd7 14. Rfd1
e5 15. Bf5 e4 16. Ng5 Rfd8 17. Qc2 Rac8 18. Ngxe4 Bxe4 19. Bxe4 Rxc3 20.
Bxh7+ Nxh7 21. Qxc3 Ndf6 22. Rac1 Nf8 23. Rxd8 Qxd8 24. h3 a5 25. Qe5 axb4
26. axb4 Qd2 27. Rc6 Bd8 28. Bc3 Qd1+ 29. Kh2 Qe2 30. Rc8 Ne6 31. Qd6 Qxf2
32. Rxd8+ Nxd8 33. Qxd8+ Kh7 34. Bxf6 gxf6 35. Qd3+ Kg7 36. Qxb5 Qxe3 37.
Qc5 Qf4+ 38. Kg1 f5 39. b5 Qe4 40. b6 f4 41. Kf2 Kh7 42. h4 Kh6 43. Qg5+
Kh7 44. Qb5 Qe3+ 45. Kf1 Qc1+ 46. Ke2 Qe3+ 47. Kf1 Qc1+ 1/2-1/2

[Event "45th Olympiad 2024"]
[Site "Budapest HUN"]
[Date "2024.09.18"]
[Round "7.58"]
[White "Blackman, Justin"]
[Black "Wiedenkeller, Michael"]
[Result "1/2-1/2"]
[WhiteElo "2265"]
[BlackElo "2406"]
[TimeControl "40/5400+30:1800_30\""]
[EventDate "2024.09.11"]
[Board "1"]
[WhiteFideId "11100516"]
[BlackFideId "1700146"]
[WhiteTeam "Barbados"]
[BlackTeam "Luxembourg"]

1. d4 d5 2. Bf4 Nf6 3. e3 e6 4. Nf3 Bd6 5. Bg3 O-O 6. Nbd2 c5 7. c3 Qc7 8.
Bd3 Nbd7 9. O-O e5 10. e4 exd4 11. cxd4 Bxg3 12. hxg3 dxe4 13. Nxe4 Nxe4
14. Bxe4 Nf6 15. Qc2 Bg4 16. dxc5 Nxe4 17. Qxe4 Bxf3 18. gxf3 Qxc5 19. Rac1
Qb6 20. Rc2 Rfe8 21. Qg4 Rad8 22. Rfc1 h6 23. Qf5 Qe6 24. Qxe6 Rxe6 25. Rc8
Rxc8 26. Rxc8+ Kh7 27. Rc7 Rb6 28. b3 Kg6 29. f4 h5 30. Kg2 Kf6 31. Kf3 Ra6
32. Rxb7 Rxa2 33. Ke3 g6 34. Rb4 a6 35. Rb7 Rb2 36. Kf3 Ke6 37. Rb6+ Kf5
38. Rxa6 Rxb3+ 39. Kg2 Rb5 40. Kf3 Rc5 41. Ra3 Rb5 1/2-1/2

[Event "45th Olympiad 2024"]
[Site "Budapest HUN"]
[Date "2024.09.18"]
[Round "7.58"]
[White "Berend, Fred"]
[Black "Lynch, Kemp"]
[Result "1/2-1/2"]
[WhiteElo "2230"]
[BlackElo "1944"]
[TimeControl "40/5400+30:1800_30\""]
[EventDate "2024.09.11"]
[Board "2"]
[WhiteFideId "4000102"]
[BlackFideId "11101377"]
[WhiteTeam "Luxembourg"]
[BlackTeam "Barbados"]

1. g3 Nf6 2. Bg2 g6 3. e4 d6 4. d4 Bg7 5. Ne2 O-O 6. h3 e5 7. Be3 Nc6 8.
Nbc3 Nd7 9. O-O Nb6 10. b3 Kh8 11. Qd2 f5 12. exf5 Bxf5 13. Rad1 exd4 14.
Nxd4 Nxd4 15. Bxd4 Bxd4 16. Qxd4+ Qf6 17. g4 Bd7 18. Bxb7 Rae8 19. Bg2 Qxd4
20. Rxd4 Re5 21. f4 Re3 22. Ne4 Re2 23. Rd2 Rxd2 24. Nxd2 h5 25. gxh5 gxh5
26. Kh2 Bf5 27. c4 Re8 28. Rf2 Kg7 29. Nf3 Kf6 30. Nd4 a5 31. Bf3 h4 32.
Bg4 Bd3 33. a4 Re3 34. Nb5 Be4 35. Rb2 Re1 36. Rg2 Bxg2 37. Kxg2 Rb1 38.
Nxc7 Rxb3 39. Ne8+ Ke7 40. Ng7 Nxc4 41. Nf5+ Kf6 42. Nxh4 Ne3+ 43. Kf2 d5
44. Nf3 Ra3 45. Bd7 Nf5 46. h4 Ra2+ 47. Ke1 Ra3 48. Kf2 Ra2+ 49. Ke1 d4 50.
Bxf5 Kxf5 51. Nxd4+ Kxf4 52. Kd1 Rxa4 53. Nb3 Ra2 54. Kc1 Ke3 55. Kb1 Ra4
56. Kb2 Rb4 57. Ka3 Rxh4 58. Nxa5 Kd3 59. Kb3 Rh5 60. Kb4 Kd4 61. Nb3+ Kd5
62. Kc3 Kc6 63. Kc4 Rh4+ 64. Nd4+ Kd6 65. Kd3 Kd5 66. Nf3 Ra4 67. Ke3 Rb4
68. Nd2 Ra4 69. Nf3 Rg4 70. Kd3 Rg3 71. Ke3 Rh3 72. Kf4 Rh8 73. Ke3 Rf8 74.
Nd2 Ra8 75. Nf3 Ra3+ 76. Kf4 Rd3 77. Ng5 Rd4+ 78. Ke3 Rc4 79. Nf3 Rc3+ 80.
Kf4 Ke6 81. Nd4+ Kd5 82. Nf3 Rxf3+ 83. Kxf3 1/2-1/2

[Event "45th Olympiad 2024"]
[Site "Budapest HUN"]
[Date "2024.09.18"]
[Round "7.58"]
[White "Corbin, Philip"]
[Black "Berend, Elvira"]
[Result "0-1"]
[WhiteElo "1916"]
[BlackElo "2219"]
[TimeControl "40/5400+30:1800_30\""]
[EventDate "2024.09.11"]
[Board "3"]
[WhiteFideId "11100036"]
[BlackFideId "4000510"]
[WhiteTeam "Barbados"]
[BlackTeam "Luxembourg"]

1. e4 c5 2. d4 cxd4 3. c3 Nf6 4. e5 Nd5 5. Nf3 e6 6. cxd4 d6 7. Bc4 Be7 8.
O-O O-O 9. Nbd2 b6 10. Ne4 Bb7 11. Bd3 dxe5 12. Nxe5 Nd7 13. Nxd7 Qxd7 14.
Qh5 f5 15. Ng5 Bxg5 16. Bxg5 h6 17. Bd2 Rf6 18. Rad1 Qa4 19. Bb1 Qb5 20.
Bc1 Rc8 21. Rfe1 Rxc1 22. Rxc1 Nf4 23. Qd1 Nh3+ 24. gxh3 Rg6+ 25. Qg4 Rxg4+
26. hxg4 Qd5 27. Kf1 Qg2+ 28. Ke2 Qxg4+ 29. Kd3 Qf3+ 30. Kc4 Bd5+ 31. Kb5
Qxf2 32. b3 Qd2 33. b4 Qxd4 34. Rc8+ Kh7 35. Rec1 Qb2 36. Ka4 a5 37. a3
Qb3+ 38. Kb5 Qxa3 39. R8c7 Qxb4+ 40. Ka6 a4 0-1

[Event "45th Olympiad 2024"]
[Site "Budapest HUN"]
[Date "2024.09.18"]
[Round "7.58"]
[White "Mertens, Marc"]
[Black "Edwards, Emar"]
[Result "1-0"]
[WhiteElo "2120"]
[BlackElo "1898"]
[TimeControl "40/5400+30:1800_30\""]
[EventDate "2024.09.11"]
[Board "4"]
[WhiteFideId "4000501"]
[BlackFideId "11103345"]
[WhiteTeam "Luxembourg"]
[BlackTeam "Barbados"]

1. e4 c5 2. Nf3 d6 3. d4 cxd4 4. Nxd4 Nf6 5. Nc3 g6 6. g3 Nc6 7. Bg2 Nxd4
8. Qxd4 Bg7 9. O-O O-O 10. h3 Be6 11. Qd1 Nd7 12. Nd5 Re8 13. a4 Rc8 14. c3
Ne5 15. Re1 Nc4 16. Ra2 Qd7 17. Kh2 b6 18. b3 Na5 19. c4 Nc6 20. Bg5 h6 21.
Be3 Kh7 22. Rae2 Qd8 23. Nf4 Bd7 24. Qd2 Rb8 25. Rd1 Qc8 26. Nd5 Ne5 27. f4
Nc6 28. Bf2 Na5 29. Qd3 Nb7 30. Bd4 Nc5 31. Qc2 Bxd4 32. Rxd4 Ne6 33. Rd1
Qc5 34. Qb2 a6 35. e5 dxe5 36. Rxe5 Qc8 37. Qf2 f6 38. Re2 Nc5 39. Qe3 Be6
40. b4 Bxd5 41. Bxd5 Nxa4 42. Bf7 Rf8 43. Be6 Qc6 44. Bd7 Qxc4 45. Bxa4
Qxb4 46. Qxe7+ Qxe7 47. Rxe7+ Kh8 48. Rdd7 Rfd8 49. Rh7+ Kg8 50. Bb3+ 1-0

[Event "45th Olympiad 2024"]
[Site "Budapest HUN"]
[Date "2024.09.18"]
[Round "7.59"]
[White "Ssegwanyi, Arthur"]
[Black "Chinchilla, Alejandro Jose"]
[Result "0-1"]
[WhiteElo "2365"]
[BlackElo "2113"]
[TimeControl "40/5400+30:1800_30\""]
[EventDate "2024.09.11"]
[Board "1"]
[WhiteFideId "10000100"]
[BlackFideId "8401136"]
[WhiteTeam "Uganda"]
[BlackTeam "Honduras"]

1. e4 e6 2. d4 d5 3. Nc3 Be7 4. Bd3 c5 5. exd5 exd5 6. Nf3 Nf6 7. O-O c4 8.
Be2 Nc6 9. Bg5 O-O 10. Ne5 h6 11. Bh4 Be6 12. Bf3 Qb6 13. Na4 Qc7 14. Re1
Rfe8 15. Ng6 Bb4 16. c3 Bd6 17. Bxf6 gxf6 18. Nh4 Bxh2+ 19. Kh1 Bg3 20.
Bxd5 Bxh4 21. Bxe6 fxe6 22. g3 Bg5 23. Nc5 e5 24. d5 Nd8 25. Ne4 f5 26. f4
fxe4 27. fxg5 Nf7 28. gxh6 Nd6 29. Rf1 Qe7 30. Qh5 Kh7 31. b3 Rg8 32. bxc4
b6 33. c5 bxc5 34. Rf2 Rxg3 35. Raf1 Rg6 36. Rg1 Rag8 37. Rfg2 Qf6 38. Rxg6
Rxg6 39. Rxg6 Qxg6 40. Qxe5 Qxh6+ 41. Kg2 Qg7+ 42. Qxg7+ Kxg7 43. Kg3 0-1

[Event "45th Olympiad 2024"]
[Site "Budapest HUN"]
[Date "2024.09.18"]
[Round "7.59"]
[White "Colindres, Daniel"]
[Black "Kawuma, Patrick"]
[Result "1-0"]
[WhiteElo "2079"]
[BlackElo "2207"]
[TimeControl "40/5400+30:1800_30\""]
[EventDate "2024.09.11"]
[Board "2"]
[WhiteFideId "8400040"]
[BlackFideId "10000127"]
[WhiteTeam "Honduras"]
[BlackTeam "Uganda"]

1. e4 c5 2. Nf3 d6 3. c3 Nf6 4. h3 g6 5. Bd3 Bg7 6. O-O O-O 7. Bc2 e5 8. d4
exd4 9. cxd4 cxd4 10. Nxd4 Nc6 11. Nxc6 bxc6 12. Nc3 d5 13. exd5 Nxd5 14.
Ne4 Rb8 15. Bb3 Rb4 16. Qf3 Bf5 17. Ng3 Be6 18. Bd2 Rb8 19. Rac1 a5 20.
Rxc6 a4 21. Bc4 Rxb2 22. Rd1 Rb7 23. Bc3 Rd7 24. Bxg7 Kxg7 25. Ne4 Nc7 26.
Qc3+ f6 27. Rxd7+ Bxd7 28. Rd6 Qe7 29. Qd4 Be8 30. f4 Nb5 31. Bxb5 Bxb5 32.
Nc5 Rf7 33. Ne6+ Kh6 34. f5 Qa7 35. Rb6 gxf5 36. Rxb5 Qxd4+ 37. Nxd4 1-0

[Event "45th Olympiad 2024"]
[Site "Budapest HUN"]
[Date "2024.09.18"]
[Round "7.59"]
[White "Egesa, Emmanuel"]
[Black "Gavarrete, Joel"]
[Result "0-1"]
[WhiteElo "2128"]
[BlackElo "2059"]
[TimeControl "40/5400+30:1800_30\""]
[EventDate "2024.09.11"]
[Board "3"]
[WhiteFideId "10009019"]
[BlackFideId "8401160"]
[WhiteTeam "Uganda"]
[BlackTeam "Honduras"]

1. d4 Nf6 2. c4 e6 3. Nf3 d5 4. g3 c6 5. Bg2 Bb4+ 6. Nbd2 O-O 7. O-O Nbd7
8. Qc2 Re8 9. e4 Bxd2 10. Nxd2 dxe4 11. Nxe4 Nxe4 12. Qxe4 e5 13. dxe5 Nxe5
14. Qc2 Qd3 15. Qxd3 Nxd3 16. Rd1 Bf5 17. b3 Nxc1 18. Raxc1 Re2 19. a3 a5
20. Rc3 Rae8 21. Bf1 Rb2 22. Re3 Kf8 23. Rxe8+ Kxe8 24. Bd3 Bg4 25. Rb1 Ra2
26. a4 Rd2 27. Re1+ Kd8 28. Re3 Bh3 29. Be2 Rb2 30. f4 Bf5 31. Bf3 Bc2 32.
Be4 Bxb3 33. Bxh7 Bxc4 34. h4 Rb3 0-1

[Event "45th Olympiad 2024"]
[Site "Budapest HUN"]
[Date "2024.09.18"]
[Round "7.59"]
[White "Zuniga Garcia, German"]
[Black "Nsubuga, Haruna"]
[Result "0-1"]
[WhiteElo "1877"]
[BlackElo "2243"]
[TimeControl "40/5400+30:1800_30\""]
[EventDate "2024.09.11"]
[Board "4"]
[WhiteFideId "8407576"]
[BlackFideId "10000569"]
[WhiteTeam "Honduras"]
[BlackTeam "Uganda"]

1. e4 e5 2. Nf3 Nc6 3. Nc3 Nf6 4. Bb5 Bc5 5. Nxe5 O-O 6. O-O Nxe5 7. d4 Bb4
8. dxe5 Bxc3 9. bxc3 Nxe4 10. Bd3 d5 11. Qh5 Qe7 12. f3 g6 13. Qh6 Nxc3 14.
Re1 f6 15. Ba3 c5 16. exf6 Qxf6 17. Bxc5 Be6 18. Bxf8 Rxf8 19. Qe3 Bf7 20.
Qxa7 b6 21. Qe7 Qd4+ 22. Qe3 Ne2+ 23. Kf2 Qh4+ 24. Kxe2 Re8 25. Be4 dxe4
26. f4 Bc4+ 27. Kd2 Qxh2 28. Kc3 b5 29. Rg1 Qh4 30. Kb2 Qf6+ 31. Qc3 Qxf4
32. Rh1 h5 33. a4 e3 34. axb5 Bxb5 35. Ra7 Qe5 36. Re1 e2 37. Qxe5 Rxe5 38.
Ra5 Rf5 39. Kc3 Kg7 40. Kb4 Rf1 41. Raa1 Bc6 42. g3 Rf3 43. Rxe2 Rxg3 44.
c4 h4 45. Kc5 Bg2 46. Rc1 h3 47. Kd6 h2 48. Ree1 Rh3 49. Rh1 Bxh1 50. Rxh1
Kf6 51. Kd5 Kf5 52. c5 Kf4 53. c6 Kg3 54. c7 Rh8 55. Rc1 g5 56. Ke6 g4 57.
Kd7 Kh3 58. Re1 Ra8 59. Re8 h1=Q 60. Re3+ Kh4 61. Rd3 Qe4 62. Rd1 Qa4+ 0-1

[Event "45th Olympiad 2024"]
[Site "Budapest HUN"]
[Date "2024.09.18"]
[Round "7.60"]
[White "Alrehaili, Ahmed Abdullah S"]
[Black "Giron, Jorge Ernesto"]
[Result "0-1"]
[WhiteElo "2117"]
[BlackElo "2276"]
[TimeControl "40/5400+30:1800_30\""]
[EventDate "2024.09.11"]
[Board "1"]
[WhiteFideId "21518840"]
[BlackFideId "6702309"]
[WhiteTeam "Saudi Arabia"]
[BlackTeam "El Salvador"]

1. e4 c5 2. Nf3 d6 3. d4 cxd4 4. Nxd4 Nf6 5. Nc3 Bd7 6. f3 e5 7. Nb3 Be7 8.
Be3 O-O 9. Qd2 a5 10. a4 Na6 11. O-O-O Nb4 12. g4 Rc8 13. Kb1 Be6 14. Qf2
d5 15. g5 Nd7 16. exd5 Bf5 17. Ne4 Rxc2 18. Rd2 Rxd2 19. Qxd2 Nb6 20. d6
Bxd6 21. Nxa5 N6d5 22. Nxb7 Qa8 23. Nxd6 Qxa4 24. Bd3 Ra8 25. Kc1 Qb3 26.
Bb1 Ra1 27. Qe2 Rxb1+ 0-1

[Event "45th Olympiad 2024"]
[Site "Budapest HUN"]
[Date "2024.09.18"]
[Round "7.60"]
[White "Chavez, Ricardo Ernesto"]
[Black "Al Thebaiti, Ahmed M"]
[Result "1-0"]
[WhiteElo "2185"]
[BlackElo "1993"]
[TimeControl "40/5400+30:1800_30\""]
[EventDate "2024.09.11"]
[Board "2"]
[WhiteFideId "6700098"]
[BlackFideId "21502390"]
[WhiteTeam "El Salvador"]
[BlackTeam "Saudi Arabia"]

1. e4 e5 2. Nf3 Nc6 3. Bb5 a6 4. Ba4 Nf6 5. d4 exd4 6. O-O Be7 7. Re1 O-O
8. e5 Nd5 9. Nxd4 Nxd4 10. Qxd4 Nb6 11. Bb3 d5 12. exd6 Bxd6 13. Bf4 Bxf4
14. Qxf4 Nd5 15. Bxd5 Qxd5 16. Qxc7 Bf5 17. Nc3 Qd8 18. Qxb7 Bxc2 19. Rac1
Bg6 20. Nd5 Rb8 21. Ne7+ Kh8 22. Qxa6 Rxb2 23. Qa3 Rb8 24. Nc6 Ra8 25. Qb4
Qf6 26. a4 Rfc8 27. Qb5 h6 28. Ne5 Rcb8 29. Qe2 Bf5 30. Rc6 Be6 31. Nd7 Rb2
32. Nxf6 Rxe2 33. Rxe2 gxf6 34. h3 Rxa4 35. Rc7 f5 36. Kh2 Ra6 37. Rec2 Ra4
38. R2c6 Re4 39. f3 Re2 40. Kg3 Ra2 41. Re7 Re2 42. Rc5 Ra2 43. Rcc7 Rd2
44. Re8+ Kg7 45. Rxe6 1-0

[Event "45th Olympiad 2024"]
[Site "Budapest HUN"]
[Date "2024.09.18"]
[Round "7.60"]
[White "Alshnaiber, Yazeed"]
[Black "Arias, Daniel"]
[Result "0-1"]
[WhiteElo "1889"]
[BlackElo "2213"]
[TimeControl "40/5400+30:1800_30\""]
[EventDate "2024.09.11"]
[Board "3"]
[WhiteFideId "21527725"]
[BlackFideId "6700640"]
[WhiteTeam "Saudi Arabia"]
[BlackTeam "El Salvador"]

1. e4 c5 2. Nf3 d6 3. d4 cxd4 4. Nxd4 Nf6 5. Nc3 a6 6. Be3 e5 7. Nf3 Be7 8.
Bc4 Be6 9. Bxe6 fxe6 10. Ng5 Qd7 11. Qf3 Nc6 12. O-O-O b5 13. Qh3 Nd8 14.
f4 exf4 15. Bxf4 e5 16. Qxd7+ Kxd7 17. Bd2 h6 18. Nf3 Rb8 19. a3 Nc6 20. h3
a5 21. Rhe1 b4 22. axb4 Nxb4 23. Nxe5+ dxe5 24. Bxh6+ Ke6 25. Bxg7 Rhc8 26.
Bxf6 Bxf6 27. g4 a4 28. Re2 a3 29. Na4 a2 30. Kd2 0-1

[Event "45th Olympiad 2024"]
[Site "Budapest HUN"]
[Date "2024.09.18"]
[Round "7.60"]
[White "Guevara Ruiz, Marvin Andres"]
[Black "Khayat, Emad"]
[Result "0-1"]
[WhiteElo "2003"]
[BlackElo "1907"]
[TimeControl "40/5400+30:1800_30\""]
[EventDate "2024.09.11"]
[Board "4"]
[WhiteFideId "6708889"]
[BlackFideId "21518076"]
[WhiteTeam "El Salvador"]
[BlackTeam "Saudi Arabia"]

1. e4 e5 2. Nf3 Nc6 3. Bc4 Bc5 4. c3 Nf6 5. d3 O-O 6. Bg5 h6 7. Bh4 Be7 8.
O-O d6 9. Nbd2 Na5 10. Bb5 a6 11. Ba4 Nh5 12. Bxe7 Qxe7 13. d4 b5 14. Bc2
Qf6 15. Nxe5 dxe5 16. Qxh5 exd4 17. Qf3 Qxf3 18. Nxf3 dxc3 19. bxc3 c5 20.
Ne5 Be6 21. f4 Rfd8 22. Rf2 Rd6 23. Nd3 Rc8 24. e5 Rd7 25. f5 Bc4 26. Nf4
Nc6 27. Re1 Re8 28. e6 Rd6 29. Bb3 Bxb3 30. axb3 Nd8 31. Rfe2 fxe6 32. fxe6
g5 33. e7 gxf4 34. exd8=Q Rexd8 35. Re8+ Rxe8 36. Rxe8+ Kf7 37. Rc8 Rd1+
38. Kf2 Rd2+ 39. Kf1 Rb2 40. Rxc5 Rxb3 41. Rc7+ Ke6 42. Rc6+ Kd5 43. Rxa6
Rxc3 44. Rb6 Kc4 45. Rxh6 b4 46. Rf6 b3 47. Rxf4+ Kd3 48. Rb4 Kc2 49. g4 b2
50. Rxb2+ Kxb2 51. g5 Kb3 52. h4 Kc4 53. Kg2 Kd5 54. h5 Ke6 55. h6 Kf7 0-1

[Event "45th Olympiad 2024"]
[Site "Budapest HUN"]
[Date "2024.09.18"]
[Round "7.61"]
[White "Tan, Jun Ying"]
[Black "Ebosse, Kingue Victor Patrick"]
[Result "1-0"]
[WhiteElo "2322"]
[BlackElo "2014"]
[TimeControl "40/5400+30:1800_30\""]
[EventDate "2024.09.11"]
[Board "1"]
[WhiteFideId "5710413"]
[BlackFideId "16400291"]
[WhiteTeam "Malaysia"]
[BlackTeam "Cameroon"]

1. d4 Nf6 2. c4 g6 3. Nc3 Bg7 4. e4 d6 5. Nf3 O-O 6. Be2 e5 7. O-O Nc6 8.
d5 Ne7 9. b4 Nh5 10. Re1 f5 11. Ng5 Nf6 12. f3 c6 13. Be3 Bh6 14. h4 cxd5
15. exd5 f4 16. Bf2 Bxg5 17. hxg5 Nh5 18. c5 Nf5 19. Ne4 Nfg3 20. Bxg3 Nxg3
21. Bc4 Nxe4 22. Rxe4 Qxg5 23. cxd6 Bd7 24. Qe2 Rf5 25. Bb5 Rd8 26. Rc1 Qf6
27. Rc7 Bxb5 28. Qxb5 Qxd6 29. Qxb7 Qb6+ 30. Kf1 Rh5 31. Rg7+ Kh8 32. Qxb6
axb6 33. Rb7 Rxd5 34. Rc4 Rh1+ 35. Ke2 Rd8 36. Rc2 Rg1 37. Kf2 Rgd1 38. Re2
Rb1 39. Rxb6 Rdd1 40. Rc2 Rf1+ 41. Ke2 Rbd1 42. Rd2 Rxd2+ 43. Kxd2 Rf2+ 44.
Kd3 Rxa2 45. Ke4 Re2+ 46. Kd5 Kg7 47. b5 e4 48. fxe4 Rxg2 49. Rb7+ Kh6 50.
e5 Re2 51. e6 g5 52. Rf7 Kg6 53. b6 Rb2 54. b7 f3 55. Kc6 Rc2+ 56. Kd7 Rd2+
57. Kc8 Rc2+ 58. Rc7 Rxc7+ 59. Kxc7 f2 60. e7 f1=Q 61. e8=Q+ Kg7 62. Qe5+
Kg6 63. b8=Q Qc4+ 64. Kd6 Kh5 65. Qbe8+ Kh4 66. Qe4+ Qxe4 67. Qxe4+ Kg3 68.
Qxh7 Kf4 69. Qh1 g4 70. Qg2 1-0

[Event "45th Olympiad 2024"]
[Site "Budapest HUN"]
[Date "2024.09.18"]
[Round "7.61"]
[White "Zebaze, Dongmo Loic Dylane"]
[Black "Wong, Jianwen"]
[Result "0-1"]
[WhiteElo "1914"]
[BlackElo "2231"]
[TimeControl "40/5400+30:1800_30\""]
[EventDate "2024.09.11"]
[Board "2"]
[WhiteFideId "16401107"]
[BlackFideId "5704715"]
[WhiteTeam "Cameroon"]
[BlackTeam "Malaysia"]

1. d4 Nf6 2. Nc3 d6 3. Bf4 c6 4. e3 Qa5 5. Nf3 b5 6. Bd3 Nbd7 7. e4 b4 8.
Ne2 e5 9. Bd2 Qb6 10. O-O Be7 11. Ng3 g6 12. dxe5 dxe5 13. Qe2 Qc7 14. c3
a5 15. Rac1 Nc5 16. Bc4 Ne6 17. Ng5 Nxg5 18. Bxg5 Nh5 19. Bxe7 Nf4 20. Qd2
Qxe7 21. Rfd1 Bg4 22. Qd6 Rc8 23. f3 Qxd6 24. Rxd6 Ke7 25. Rcd1 Be6 26.
Bxe6 Nxe6 27. Rd7+ Kf6 28. Kf2 bxc3 29. bxc3 Rb8 30. R1d2 Rb5 31. Nf1 Rc5
32. Ne3 h5 33. c4 Rb8 34. R7d6 a4 35. Ke2 Rb1 36. Kd3 Rb7 37. Kc3 Ke7 38.
R6d3 Ra5 39. Rb2 Raa7 40. Rdd2 Rxb2 41. Rxb2 Kd6 42. Nc2 h4 43. h3 Nf4 44.
Ne3 Ke7 45. c5 Rd7 46. Rd2 Rxd2 47. Kxd2 Ne6 48. Kc3 Nxc5 49. Kb4 Nd3+ 50.
Kxa4 Kd6 51. Kb3 Kc5 52. Kc3 Nf4 53. a4 Ne2+ 54. Kd3 Nf4+ 55. Kc3 g5 56.
Ng4 Nxg2 57. Nxe5 Nf4 58. Nxf7 Nxh3 59. e5 Nf4 60. Nxg5 h3 61. Nxh3 Nxh3
62. e6 Nf4 63. e7 Nd5+ 64. Kd3 Nxe7 65. f4 Kb4 66. Kd4 c5+ 67. Ke5 c4 68.
Kd4 Nf5+ 69. Ke5 Ng3 70. Kd4 c3 71. a5 c2 0-1